Geography Quiz

Random Geography or State Quiz

States of Brazil Quiz Stats

 Plays Quiz not verified by Sporcle

Also try: European Flag Maps
Challenge
Share
Tweet
Embed
Score 0/27 Timer 05:00
0 Plays Today
% Correct
Amazonas
92.5%
Sao Paulo
91.3%
Rio de Janeiro
88.8%
Acre
87.5%
Para
87.5%
Rio Grande do Sul
85%
Mato Grosso
83.8%
Parana
81.3%
Rio Grande do Norte
81.3%
Minas Gerais
80%
Bahia
80%
Santa Catarina
78.8%
Mato Grosso do Sul
78.8%
Distrito Federal
78.8%
% Correct
Pernambuco
77.5%
Ceara
76.3%
Espirito Santo
76.3%
Rondonia
76.3%
Roraima
76.3%
Sergipe
76.3%
Amapa
75%
Alagoas
73.8%
Goias
73.8%
Maranhao
71.3%
Piaui
71.3%
Tocantins
71.3%
Paraiba
67.5%

You're not logged in!

Compare scores with friends on all Sporcle quizzes.
OR
Log In

You Might Also Like...

Show Comments

Extras

Created Jan 25, 2011ReportNominate
Tags:State Quiz, brazil

Top Quizzes Today


Score Distribution

Your Account Isn't Verified!

In order to create a playlist on Sporcle, you need to verify the email address you used during registration. Go to your Sporcle Settings to finish the process.

Report this User

Report this user for behavior that violates our Community Guidelines.

Details: